• 首页
  • 本馆介绍
  • 公告通知
  • 最新文献
  • 馆藏检索
  • 电子资源
  • 读者导购
  • 参考咨询
  • 我的图书馆
  • 登录
  • 详细信息显示
  • 放入我的书架
  • 预约/预借图书
  • 作者相关作品
  • 分类相关作品
  • 丛书相关作品
  • 出版社相关作品

书目信息

  • 表格格式
  • 工作单格式
  • 卡片格式
题名:
信仰教育与道德教育
    
 
作者: 檀传宝 著
分册:  
出版信息: 北京   教育科学出版社  1999
页数: 211页
开本: 20cm
丛书名:
单 册:
中图分类: B825 , B82
科图分类:
主题词: 信仰--关系--道德修养--研究 , 信仰 , 道德修养 , 伦理学
电子资源:
ISBN: 7-5041-1889-3
000 00810nam0 2200289 450
001 0939320234
005 20090929105731.84
010    @a7-5041-1889-3@dCNY13.80
100    @a20021005d1999 kemy0chiy0110 ea
101 0  @achi@deng
102    @aCN@b110000
105    @ay z 000yy
106    @ar
200 1  @a信仰教育与道德教育@Axin yang jiao yu yu dao de jiao yu@f檀传宝著
210    @a北京@c教育科学出版社@d1999
215    @a211页@d20cm
300    @a中国博士后科学基金资助项目
510 1  @aBelief education and moral education@zeng
606 0  @a信仰@x关系@x道德修养@x研究
606 0  @a信仰
606 0  @a道德修养
606 0  @a伦理学
690    @aB825@v3
690    @aB82@v4
701  0 @a檀传宝@Atan chuan bao@4著
801  0 @aCN@bNLC@c19991019
905    @a10447@dB82@eJY50
    
    信仰教育与道德教育/檀传宝著 .-北京:教育科学出版社,1999
    211页;20cm
    中国博士后科学基金资助项目
    
    ISBN 7-5041-1889-3:CNY13.80
    
●
相关链接 在E读中查询图书 在五车中查询图书 在当当中查询图书 在豆瓣中查询图书


正题名:信仰教育与道德教育     索取号:B82/JY50         预约/预借

序号 登录号 条形码 馆藏地/架位号 状态 备注
1 7820094   278200947   学院路分馆/ [索取号:B82/JY50] 在馆    
2 7820095   278200956   学院路分馆/ [索取号:B82/JY50] 在馆    
3 7820096   278200965   学院路分馆/ [索取号:B82/JY50] 在馆    
4 7820097   278200974   学院路分馆/ [索取号:B82/JY50] 在馆    
5 7820098   278200983   学院路分馆/ [索取号:B82/JY50] 在馆    
6 7820099   278200992   学院路分馆/ [索取号:B82/JY50] 在馆    
7 7820100   278201009   学院路分馆/ [索取号:B82/JY50] 在馆    
唐山师范学院图书馆 欢迎您!
大连网信软件有限公司© 版权所有